Daños medioambientales y derecho al silencio
Uloženo v:
| Hlavní autor: | |
|---|---|
| Médium: | Kniha |
| Jazyk: | španělština |
| Vydáno: |
Madrid
Reus S.A
2015
|
| Vydání: | 1a. ed |
| Edice: | Colección Jurídica General. Monografías
|
| Témata: | |
| Tagy: |
Přidat tag
Žádné tagy, Buďte první, kdo vytvoří štítek k tomuto záznamu!
|
MARC
| LEADER | 00000cam a2200000 a 4500 | ||
|---|---|---|---|
| 001 | UCC9428 | ||
| 003 | CL-VaPUC | ||
| 008 | 190927e20150000sp |||||||||||||||||spa|d | ||
| 020 | |a 9788429018752 | ||
| 082 | 0 | 4 | |a 344.046 |b MAR |2 21 |
| 100 | 0 | |a Martínez Vázquez de Castro, Luis |e author |9 604497 | |
| 245 | 1 | 0 | |a Daños medioambientales y derecho al silencio |
| 250 | |a 1a. ed | ||
| 300 | |a 164 p | ||
| 942 | |c BK | ||
| 945 | |d 20190927 15:31:00 |a dcastane | ||
| 260 | |a Madrid |b Reus S.A |c 2015 | ||
| 650 | 0 | |a Derecho ambiental |9 257835 | |
| 650 | 0 | |a Recursos naturales |9 255232 | |
| 650 | 0 | |a Contaminación ambiental |9 314181 | |
| 650 | 0 | |a Protección del medio ambiente |9 257626 | |
| 583 | |a last modification |c 20190927 15:31:00 |k Rodrigo Vera | ||
| 490 | 0 | |a Colección Jurídica General. Monografías | |
| 999 | |c 375609 |d 375607 | ||
| 952 | |0 0 |1 0 |3 erb |4 0 |6 344_046000000000000_MAR_2015 |7 0 |8 WP_COW |9 561432 |a BIBDER |b BIBDER |e Fundación W and P Cowley |i 5602025 |o 344.046 MAR 2015 |p 5602025 |r 2023-01-25 |w 2020-03-12 |y BK |z Catalogado en:20190927 |k WPC | ||